Responses for show #6979 - Thursday, January 8, 2015

Elliot Yates game 5.
John Schultz game 1.

Contestants

[<< previous game]

John Schultz, a computer programmer from Ann Arbor, Michigan

Elizabeth Scott-Jones, a budget analyst from Riverside, California

Elliot Yates, an opera producer from New York, New York (whose 4-day cash winnings total $65,000)

[next game >>]

Jeopardy! Round responses

WORLD OF WATER
SOLAR SYSTEM RHYME TIME
KIDDY LIT
"POP" STARS
THAT'S NO LADY
THAT'S MY WIFE
    $200 21
the Congo

Elliot
    $200 8
Mars scars

John
    $200 16
Charlie and the Chocolate Factory

Elliot
    $200 1
Pop Tarts

Elizabeth
    $200 30
"Trees"

John
    $200 2
Gisele Bundchen

Elliot
    $400 25
(Alex: Less than a minute now.)

a salt lake (salt water accepted)

John
    $400 12
a moon buffoon

Elliot
    $400 17
The Little Engine That Could

Elliot
    $400 4
pop-up

Elliot
    $400 29
RFK (Robert Kennedy)

Elliot
    $400 3
Brooklyn Decker

Triple Stumper
    $2,400 24
(Elliot: What are the... Tulsa Springs?)
...
(Elliot: Oh, I get it.)
(Alex: You get it now?)
(Elliot: Yeah.)

Boiling Springs

Elliot
    $600 9
Venus genus

Elliot
    $600 20
(Elizabeth: What is Hello, Moon!?)

The Very Hungry Caterpillar

ElliotElizabeth
    $600 5
Pop Warner

John
    $600 28
August: Osage County

Elliot
    $600 13
Penélope Cruz

Elliot
    $800 23
sediment

Elliot
    $800 11
Saturn's patterns

John
    $800 19
Pollyanna

Elizabeth
    $800 6
cake pops

John
    $800 27
John Wayne

Elliot
    $800 14
Sarah Michelle Gellar

Elizabeth
    $1000 22
Norway

Triple Stumper
    $1000 10
belt melt

John
    $1000 18
Dinotopia

Triple Stumper
    $1000 7
Popeye

John
    $1000 26
Brideshead Revisited

John
    $1000 15
(Elliot: Who is Blake Lively?)

Leighton Meester

Elliot
Triple Stumper

Scores at the first commercial break (after clue 15):

Elliot Elizabeth John
$1,200 $1,000 $4,400

Scores at the end of the Jeopardy! Round:

Elliot Elizabeth John
$2,800 $1,200 $6,000

Double Jeopardy! Round responses

BODY CHECK
DISNEY SONGS
SOUTH AMERICAN CAPITALS
FASHION
COLORFUL ANAGRAMS
(Alex: ...each clue will have two responses, each word an anagram of the other.)
RESISTANCE IS UTILE
    $400 16
the liver

John
    $400 1
Mary Poppins

Elizabeth
    $400 6
(John: What is Montevideo?)
(Elizabeth: What is Bolivar?)
(Elliot: What is Brasilia?)
...
(Alex: No harm, no foul on that.)

Buenos Aires

ElliotElizabethJohn
Triple Stumper
    $400 26
(Alex: Oh, we wear it every day--[*]. De Nîmes.)

denim

Triple Stumper
    $400 11
ruby & bury

Elliot
    $400 19
(Elliot: Who is Hitler?)

Mussolini

ElliotElizabeth
    $800 17
(John: What is the patella?)
...
(Alex: [*]. You give me [*]. You got that? Little musical thing. The writers. Blame it on the writers.)

the femur

ElliotJohn
    $800 2
My Prince

Elliot
    $800 7
Bogotá (Colombia)

Elliot
    $800 27
a sheath

John
    $800 12
Cure & ecru

Triple Stumper
    $800 20
Batista

Elizabeth
    $5,000 25
the Fallopian tubes

John
    $1200 3
"Be Our Guest"

Elliot
    $1200 10
Quito

John
    $1200 28
[The end-of-round signal sounds.]

spats

John
    $1200 15
teal & tale

Elizabeth
    $1200 21
a guerrilla

Elliot
    $1600 24
(Elliot: What are deltoids?)
...
(Alex: Deltoids are lower. About a minute to go now, John.)

the trapezius muscles

Elliot
Triple Stumper
    $4,000 4
"Can You Feel The Love Tonight"

Elliot
    $1600 9
La Paz

Elliot
    $1600 14
(Elizabeth: What is crimson and car--ooh. I don't know.)

scarlet & cartels

ElizabethJohn
    $1600 23
Tito

John
    $2000 18
pulmonary

John
    $2000 5
"You've Got A Friend In Me"

John
    $2000 8
Georgetown

Elliot
    $2000 13
sienna & insane

Triple Stumper
    $2000 22
Lusitania

Elizabeth

Scores at the end of the Double Jeopardy! Round:

Elliot Elizabeth John
$13,200 $4,000 $20,600

[wagering suggestions for these scores]

Final Jeopardy! Round responses

ARTISTS
ElizabethWho is Pollock?
$3,900
ElliotWho is Banksy?
$7,401
JohnWho is Banksy
$7,000
Banksy

Final scores:

Elliot Elizabeth John
$20,601 $100 $27,600
2nd place: $2,000 3rd place: $1,000 New champion: $27,600

Game dynamics:

Coryat scores:

Elliot Elizabeth John
$13,200 $4,000 $16,800
22 R
(including 1 DD),
5 W
(including 1 DD)
8 R,
3 W
18 R
(including 1 DD),
2 W

Combined Coryat: $34,000

The J! Archive is created by fans, for fans. The Jeopardy! game show and all elements thereof, including but not limited to copyright and trademark thereto, are the property of Jeopardy Productions, Inc. and are protected under law. This website is not affiliated with, sponsored by, or operated by Jeopardy Productions, Inc. Join the discussion at JBoard.tv.